What country is this city from? A-Z - Statistics

General Stats
  • This quiz has been taken 56 times
    54 since last reset
  • The average score is 19 of 26
Answer Stats
Name of the city Country % Correct
Tokyo Japan
98%
Hamburg Germany
96%
Nice France
94%
Delhi India
94%
Istanbul Turkey
94%
Quebec Canada
92%
Jakarta Indonesia
92%
Lima Peru
92%
Wuhan China
90%
Prague Czech Republic
90%
Guadalajara Mexico
88%
Zhengzhou China
84%
Vilnius Lithuania
84%
Bangalore India
78%
San Jose USA
78%
Rostov-on-Don Russia
76%
Fortaleza Brazil
67%
Canton China
67%
Yaounde Cameroon
61%
Monterey USA
59%
Abidjan Ivory Coast
57%
Ouagadougou Burkina Faso
53%
Kazan Russia
53%
Erbil Iraq
49%
Xanthi Greece
35%
Uman Ukraine
14%
No matching quizzes found
Score Distribution
Percent of People with Each Score
Percentile by Number Answered
Your Score History
You have not taken this quiz since the last reset